000 00987nam a22003137a 4500
003 CHAP
005 20220329134736.0
008 971013s1968 r 00010 d
010 _a25121
011 _a26093
035 _a30193
040 _cCHAP
082 _a301.16
_bH3
100 0 0 _aHansen, Donald A.
_952568
245 _aMass communication; a research bibliography
260 _aSta. Barbara, Cal. :
_bGlendessary Press,
_c1968
300 _a144 p.
490 _aGlendessary research bibliographies
590 _aBATCH-UPD
_b10
_c20130110
_lUCH01
_h1807
590 _aBATCH-UPD
_b10
_c20130410
_lUCH01
_h1142
590 _aBATCH-UPD
_b10
_c20130914
_lUCH01
_h1024
590 _aCONVERSION
_b10
_c20130109
_lUCH01
_h1315
650 1 4 _aComunicación, teoría de la.
_926242
700 0 _aParsons, J. Herschel.
_985779
830 0 _aGlendessary research bibliographies
_948274
901 _aBK
942 _cLIBRO
949 _a301.16 H3
_bBC
_cC
_d33724000480869
_eC
_h12534
_i30193
_si
999 _c25121
_d25121